| 000 | 00467nam a22001577a 4500 | ||
|---|---|---|---|
| 005 | 20140311161037.0 | ||
| 008 | 131126b xxu||||| |||| 00| 0 eng d | ||
| 050 |
_aHF 5616.P6 _b.P19 2007 |
||
| 245 |
_aPFRS Compilation : _bwith revision, conforming amendments & interpretations as at December 31 2007 / |
||
| 260 |
_a[S.l.] _b[S.n.] _c2007. |
||
| 300 |
_a1577 p. : _bill. ; _c23 cm. |
||
| 521 | _aBSA | ||
| 546 | _aC12564 | ||
| 546 | _aC12586 | ||
| 942 |
_2lcc _cBK _kLOC |
||
| 999 |
_c25701 _d25701 |
||